Comunas de Chile - ¡Muerte súbita! #2 - Estadísticas

Estadísticas generales
  • Esta prueba ha sido intentada 151 veces
  • La puntuación promedio es 7 de 15
Answers on the Grid
Answers color-coded by a green-red scale on the quiz's grid according to % correct below.
Artificio
Horcón
Los Andes
Chiguayante
Almirante Latorre
San Pedro de Atacama
La Dehesa
Puerto Edén
Peñablanca
Torres del Paine
Isluga
Putre
Baquedano
Alerce
Quintero
Calera de Tango
Puerto Raúl Marín Balmaceda
Machalí
Molina
Tierra Amarilla
Hornopirén
Monte Patria
Ñuñoa
La Punta
Putú
Tomé
Bahía Inglesa
Los Lagos
Pitrufquén
Monte Águila
 
Estadísticas de respuestas
Respuesta % Correcto
Los Andes
77%
San Pedro de Atacama
71%
Chiguayante
63%
Quintero
60%
Ñuñoa
54%
Machalí
49%
Calera de Tango
46%
Molina
46%
Putre
46%
Tomé
43%
Torres del Paine
43%
Tierra Amarilla
37%
Los Lagos
34%
Pitrufquén
31%
Monte Patria
26%
No se encontraron pruebas coincidentes
Distribución de puntuación
Porcentaje de gente con cada puntuación
Porcentaje por número respondido
Historial de tus puntuaciones
No has intentado esta prueba.